Catálogo
 En Linea

Fábulas / (Registro nro. 23028)

Detalles MARC
000 -CABECERA
campo de control de longitud fija 00783nam a2200241 a 4500
001 - NÚMERO DE CONTROL
campo de control 000023532
005 - FECHA Y HORA DE LA ÚLTIMA TRANSACCIÓN
campo de control 20200930022303.0
008 - DATOS DE LONGITUD FIJA--INFORMACIÓN GENERAL
campo de control de longitud fija 101210s1997 sp 000 0 spa d
020 ## - NÚMERO INTERNACIONAL ESTÁNDAR DEL LIBRO
Número Internacional Estándar del Libro 8437615615
040 ## - FUENTE DE LA CATALOGACIÓN
Centro catalogador/agencia de origen DO-SdBNP
Lengua de catalogación spa
Centro/agencia transcriptor BNPHU
082 ## - NÚMERO DE LA CLASIFICACIÓN DECIMAL DEWEY
Número de clasificación 808
Número de documento/Ítem S187f
049 ## - FONDOS LOCALES (OCLC)
Fondos de biblioteca BNGR
100 1# - ENTRADA PRINCIPAL--NOMBRE DE PERSONA
Nombre de persona Samaniego, Félix M.
9 (RLIN) 48505
245 10 - MENCIÓN DE TÍTULO
Título Fábulas /
Mención de responsabilidad, etc. Félix M. Samaniego ; edición Alfonso I. Sotelo.
260 ## - PUBLICACIÓN, DISTRIBUCIÓN, ETC.
Lugar de publicación, distribución, etc. Madrid :
Nombre del editor, distribuidor, etc. Cátedra,
Fecha de publicación, distribución, etc. 1997.
300 ## - DESCRIPCIÓN FÍSICA
Extensión 523 p. ;
Dimensiones 21 cm.
490 1# - MENCIÓN DE SERIE
Mención de serie Letras hispánicas.
Designación de volumen o secuencia 431
505 0# - NOTA DE CONTENIDO CON FORMATO
Nota de contenido con formato Incluye notas y referencias bibliográficas al pie de las páginas.
650 #4 - PUNTO DE ACCESO ADICIONAL DE MATERIA--TÉRMINO DE MATERIA
Término de materia o nombre geográfico como elemento de entrada Fábulas-colecciones
9 (RLIN) 48506
650 #4 - PUNTO DE ACCESO ADICIONAL DE MATERIA--TÉRMINO DE MATERIA
Término de materia o nombre geográfico como elemento de entrada Animales-cuentos y leyendas
9 (RLIN) 48507
700 1# - PUNTO DE ACCESO ADICIONAL--NOMBRE DE PERSONA
Nombre de persona Sotelo, Alfonso I.,
Término indicativo de función/relación ed.
9 (RLIN) 48508
830 #0 - PUNTO DE ACCESO ADICIONAL DE SERIE-TÍTULO UNIFORME
Título uniforme Letras hispánicas
Designación de volumen o secuencia 431
9 (RLIN) 4208
Existencias
Estado de retiro Estado de pérdida Restricciones de uso No para préstamo Código de colección Localización permanente Ubicación/localización actual Ubicación en estantería Fecha de adquisición Número de inventario Total de préstamos Signatura topográfica completa Código de barras Fecha visto por última vez Precio válido a partir de Tipo de ítem Koha
        Monografías: Libros y Folletos General General En catalogación 10.12.2010 LF1   808 S187f 23532-10 25.06.2020 25.06.2020 Préstamo en sala

Con tecnología Koha